Jazyk sekjuritizacii v mediadiskurse slovackich pravych ekstremistov
Štúdia predstavuje kľúčové rysy politologickej teórie sekuritizácie a následne vysvetľuje, prečo najmä táto teória predstavuje relevantný teoretický základ pre lingvistický výskum v oblasti politickej a mediálnej lingvistiky. Štúdia následne analyzuje výňatky z mediálneho diskurzu slovenských krajne...
Salvato in:
| Autore principale: | |
|---|---|
| Altri autori: | , |
| Natura: | Capitolo di libro |
| Lingua: | russo |
| Soggetti: | |
| Tags: |
Nessun Tag, puoi essere il primo ad aggiungerne!!
|
MARC
| LEADER | 00000naa$a2200000$$$4500 | ||
|---|---|---|---|
| 001 | 0273957 | ||
| 005 | 20240502083835.4 | ||
| 041 | 0 | |a rus | |
| 044 | |a RU | ||
| 245 | 1 | 0 | |a Jazyk sekjuritizacii v mediadiskurse slovackich pravych ekstremistov |c Irina Dulebová, Nina Cingerová, Radoslav Štefančík |
| 520 | |a Štúdia predstavuje kľúčové rysy politologickej teórie sekuritizácie a následne vysvetľuje, prečo najmä táto teória predstavuje relevantný teoretický základ pre lingvistický výskum v oblasti politickej a mediálnej lingvistiky. Štúdia následne analyzuje výňatky z mediálneho diskurzu slovenských krajne pravicových extrémistov so zameraním na výber jazykových prostriedkov. | ||
| 610 | 2 | 0 | |a extrémizmus |
| 610 | 2 | 0 | |a komunikácia |
| 610 | 2 | 0 | |a politika |
| 610 | 2 | 0 | |a jazykoveda |
| 100 | 1 | |a Dulebová, Irina | |
| 700 | 1 | |a Cingerová, Nina | |
| 700 | 1 | |a Štefančík, Radoslav, 1976- | |